000 00632nam a2200241Ia 4500
003 OSt
005 20221007102329.0
006 a|||||r|||| 00| 0
007 ta
008 221006b |||||||| |||| 00| 0 eng d
020 _a8180340173
024 _a10,062
037 _cTextual
040 _aLCO
_cLCO
_beng
041 _2eng
_aeng
082 _aZ2,94, P3
100 _aRao J.S.V. Au.
_9704417
245 0 _aEvidence
_b Cases and Materials
260 _aNew
_bDelhi Lexis, Nexis Butterworths India
_c2003
300 _a632
942 _hZ2,94, P3
_cTEXL
999 _c1179625
_d1179625